[Event "11th LCC Super Blitz 2019"]
[Site "London"]
[Date "2019.12.08"]
[Round "3.7"]
[White "Sheikh, Anum"]
[Black "Zulfic, Fedja"]
[Result "1/2-1/2"]
[WhiteElo "1560"]
[BlackElo "2032"]
[Annotator "NA"]
[PlyCount "78"]
[EventDate "2019.12.08"]
[EventType "swiss"]
[EventCountry "ENG"]
[SourceTitle "playchess.com"]
[Source "ChessBase"]
[SourceQuality "1"]
[TimeControl "180+2"]

1. e4 {[%emt 0:00:00]} c5 {[%emt 0:00:00]} 2. Nf3 {[%emt 0:00:00]} Nc6 {[%emt 0:00:02]} 3. d4 {[%emt 0:00:01]} cxd4 {[%emt 0:00:02]} 4. Nxd4 {[%emt 0:00:01]} g6 {[%emt 0:00:01]} 5. Nb3 {[%emt 0:00:02]} Bg7 {[%emt 0:00:03]} 6. Nc3 {[%emt 0:00:01]} d6 {[%emt 0:00:06]} 7. Be2 {[%emt 0:00:02]} Nf6 {[%emt 0:00:01]} 8. O-O {[%emt 0:00:02]} O-O {[%emt 0:00:03]} 9. Bg5 {[%emt 0:00:01]} Rb8 {[%emt 0:00:23]} 10. a4 {[%emt 0:00:06]} Be6 {[%emt 0:00:06]} 11. f4 {[%emt 0:00:01]} Kh8 {[%emt 0:00:39]} 12. f5 {[%emt 0:00:20]} Bxb3 {[%emt 0:00:03]} 13. cxb3 {[%emt 0:00:01]} Qb6+ {[%emt 0:00:04]} 14. Kh1 {[%emt 0:00:02]} Ne5 {[%emt 0:00:25]} 15. a5 {[%emt 0:00:24]} Qd8 {[%emt 0:00:27]} 16. Qd2 {[%emt 0:00:26]} Rc8 {[%emt 0:00:04]} 17. Bh6 {[%emt 0:00:18]} Rc5 {[%emt 0:00:10]} 18. Bxg7+ Kxg7 {[%emt 0:00:01]} 19. b4 {[%emt 0:00:12]} Rxc3 {[%emt 0:00:12]} 20. bxc3 {[%emt 0:00:06]} Nxe4 {[%emt 0:00:03]} 21. Qd4 {[%emt 0:00:09]} Nf6 {[%emt 0:00:08]} 22. fxg6 {[%emt 0:00:07]} hxg6 {[%emt 0:00:01]} 23. Qxa7 {[%emt 0:00:07]} Qc8 {[%emt 0:00:01]} 24. Qd4 {[%emt 0:00:11]} Rh8 {[%emt 0:00:01]} 25. b5 {[%emt 0:00:12]} Rh6 {[%emt 0:00:26]} 26. a6 {[%emt 0:00:04]} bxa6 {[%emt 0:00:01]} 27. bxa6 {[%emt 0:00:02]} Qh8 {[%emt 0:00:02]} 28. Qf4 {[%emt 0:00:21]} Rh4 {[%emt 0:00:05]} 29. Qg3 {[%emt 0:00:09]} Ne4 {[%emt 0:00:02]} 30. Qxh4 {[%emt 0:00:11]} Qxh4 {[%emt 0:00:02]} 31. a7 {[%emt 0:00:04]} Ng3+ {[%emt 0:00:01]} 32. Kg1 {[%emt 0:00:03]} Nxe2+ {[%emt 0:00:02]} 33. Kh1 {[%emt 0:00:01]} Ng3+ {[%emt 0:00:13]} 34. Kg1 {[%emt 0:00:01]} Ne2+ {[%emt 0:00:02]} 35. Kh1 {[%emt 0:00:01]} Ng3+ {[%emt 0:00:04]} 36. Kg1 {[%emt 0:00:01]} Ne2+ {[%emt 0:00:01]} 37. Kh1 {[%emt 0:00:01]} Ng4 {[%emt 0:00:10]} 38. h3 {[%emt 0:00:02]} Qg3 {[%emt 0:00:12]} 39. hxg4 {[%emt 0:00:02]} Qh4# 1/2-1/2

[Event "11th LCC Super Blitz 2019"]
[Site "London"]
[Date "2019.12.08"]
[Round "3.8"]
[White "John, Joshua"]
[Black "Tanmay Chopra"]
[Result "0-1"]
[WhiteElo "1694"]
[BlackElo "2100"]
[Annotator "NA"]
[PlyCount "46"]
[EventDate "2019.12.08"]
[EventType "swiss"]
[EventCountry "ENG"]
[SourceTitle "playchess.com"]
[Source "ChessBase"]
[SourceQuality "1"]
[TimeControl "180+2"]

1. d4 {[%emt 0:00:00]} Nf6 {[%emt 0:00:00]} 2. Nf3 {[%emt 0:00:01]} d5 {[%emt 0:00:00]} 3. c4 {[%emt 0:00:01]} e6 {[%emt 0:00:01]} 4. Nc3 {[%emt 0:00:01]} dxc4 {[%emt 0:00:00]} 5. a4 {[%emt 0:00:01]} Nc6 {[%emt 0:00:08]} 6. e3 {[%emt 0:00:04]} Na5 {[%emt 0:00:02]} 7. Ne5 {[%emt 0:00:03]} c5 {[%emt 0:00:12]} 8. Nxc4 {[%emt 0:00:12]} cxd4 {[%emt 0:00:18]} 9. Nxa5 {[%emt 0:00:07]} Qxa5 {[%emt 0:00:04]} 10. Qxd4 {[%emt 0:00:04]} Bb4 {[%emt 0:00:06]} 11. Bb5+ {[%emt 0:00:05]} Bd7 {[%emt 0:00:01]} 12. Bd2 {[%emt 0:00:16]} Rd8 {[%emt 0:00:12]} 13. O-O-O {[%emt 0:00:43]} Bxb5 {[%emt 0:00:09]} 14. Nxb5 {[%emt 0:00:11]} Rxd4 {[%emt 0:00:03]} 15. Nxd4 {[%emt 0:00:02]} Bxd2+ {[%emt 0:00:07]} 16. Rxd2 {[%emt 0:00:02]} Qxa4 {[%emt 0:00:01]} 17. Rc2 {[%emt 0:00:04]} Qa1+ {[%emt 0:00:03]} 18. Kd2 {[%emt 0:00:01]} Qxh1 {[%emt 0:00:02]} 19. Rc8+ {[%emt 0:00:01]} Kd7 {[%emt 0:00:01]} 20. Rxh8 {[%emt 0:00:02]} Qxg2 {[%emt 0:00:02]} 21. Ke1 {[%emt 0:00:25]} Qh1+ {[%emt 0:00:06]} 22. Ke2 {[%emt 0:00:03]} Qxh2 {[%emt 0:00:03]} 23. Rb8 {[%emt 0:00:03]} Qxb8 {[%emt 0:00:02]} 0-1

[Event "11th LCC Super Blitz 2019"]
[Site "London"]
[Date "2019.12.08"]
[Round "3.9"]
[White "Janula, Mariusz"]
[Black "Ball, Charlie J"]
[Result "1/2-1/2"]
[WhiteElo "1767"]
[BlackElo "1249"]
[Annotator "NA"]
[PlyCount "93"]
[EventDate "2019.12.08"]
[EventType "swiss"]
[EventCountry "ENG"]
[SourceTitle "playchess.com"]
[Source "ChessBase"]
[SourceQuality "1"]
[TimeControl "180+2"]

1. e4 {[%emt 0:06:23]} d6 {[%emt 0:00:03]} 2. d4 Nf6 {[%emt 0:00:02]} 3. Nc3 {[%emt 0:00:03]} Nbd7 {[%emt 0:00:04]} 4. f3 {[%emt 0:00:04]} e5 {[%emt 0:00:07]} 5. d5 {[%emt 0:00:03]} Be7 {[%emt 0:00:06]} 6. Bd3 {[%emt 0:00:07]} c6 {[%emt 0:00:04]} 7. dxc6 {[%emt 0:00:09]} bxc6 {[%emt 0:00:02]} 8. Be3 {[%emt 0:00:07]} Qc7 {[%emt 0:00:02]} 9. Nge2 {[%emt 0:00:02]} h6 {[%emt 0:00:17]} 10. O-O {[%emt 0:00:04]} Nf8 11. Qd2 {[%emt 0:00:12]} g5 {[%emt 0:00:09]} 12. Ng3 {[%emt 0:00:19]} Ng6 {[%emt 0:00:05]} 13. Nf5 {[%emt 0:00:10]} Bxf5 {[%emt 0:00:02]} 14. exf5 {[%emt 0:00:01]} Nf4 15. Bc4 {[%emt 0:00:12]} h5 {[%emt 0:00:25]} 16. Ne4 {[%emt 0:00:12]} Nxe4 {[%emt 0:00:07]} 17. fxe4 {[%emt 0:00:02]} h4 {[%emt 0:00:10]} 18. Rad1 {[%emt 0:00:13]} Rb8 {[%emt 0:00:12]} 19. Bb3 {[%emt 0:00:03]} Bf8 {[%emt 0:00:33]} 20. Kh1 {[%emt 0:00:16]} Bh6 {[%emt 0:00:09]} 21. Qf2 {[%emt 0:00:05]} g4 {[%emt 0:00:20]} 22. Bxa7 {[%emt 0:00:02]} Rb7 {[%emt 0:00:01]} 23. Be3 {[%emt 0:00:03]} g3 {[%emt 0:00:03]} 24. Qd2 {[%emt 0:00:05]} gxh2 {[%emt 0:00:04]} 25. Bxf4 {[%emt 0:00:13]} Bxf4 {[%emt 0:00:04]} 26. Rxf4 {[%emt 0:00:08]} exf4 27. Qxf4 {[%emt 0:00:01]} d5 {[%emt 0:00:06]} 28. e5 {[%emt 0:00:02]} h3 {[%emt 0:00:04]} 29. Rd2 {[%emt 0:00:05]} hxg2+ {[%emt 0:00:02]} 30. Rxg2 {[%emt 0:00:02]} Qa5 {[%emt 0:00:04]} 31. c3 {[%emt 0:00:02]} Qc7 {[%emt 0:00:11]} 32. Rxh2 {[%emt 0:00:05]} Rh7 {[%emt 0:00:01]} 33. Rh5 Rxh5+ 34. Qh2 Rh4 35. Qxh4 {[%emt 0:00:14] Ke7 Qf6+ Ke8 Bc2} Qe7 {[%emt 0:00:08]} 36. Qh8+ {[%emt 0:00:04]} Kd7 37. e6+ {[%emt 0:00:02]} fxe6 {[%emt 0:00:04]} 38. fxe6+ {[%emt 0:00:03]} Qxe6 {[%emt 0:00:04]} 39. Qh7+ {[%emt 0:00:03]} Kd6 40. Qh2+ {[%emt 0:00:02]} Kd7 {[%emt 0:00:01]} 41. Qf2 {[%emt 0:00:06]} Qh6+ 42. Kg1 {[%emt 0:00:01]} Rb5 {[%emt 0:00:02]} 43. Qf5+ {[%emt 0:00:03]} Kc7 {[%emt 0:00:02]} 44. Qe5+ {[%emt 0:00:02]} Qd6 {[%emt 0:00:03]} 45. Qxd6+ {[%emt 0:00:01]} Kxd6 {[%emt 0:00:02]} 46. Kf2 Rb8 {[%emt 0:00:01]} 47. Ke3 {[%emt 0:00:06] Rxb2 Bb3 Rb1 Kd2 Rh1 a4 Rh2+ Kd3 Rh3+ Kc2 Rh2+ Kd3 Rh3+ Kd2} 1/2-1/2

[Event "11th LCC Super Blitz 2019"]
[Site "London"]
[Date "2019.12.08"]
[Round "3.9"]
[White "Thatte, Nandinee"]
[Black "Kennedy, Craig"]
[Result "0-1"]
[WhiteElo "1270"]
[BlackElo "1899"]
[Annotator "NA"]
[PlyCount "56"]
[EventDate "2019.12.08"]
[EventType "swiss"]
[EventCountry "ENG"]
[SourceTitle "playchess.com"]
[Source "ChessBase"]
[SourceQuality "1"]
[TimeControl "180+2"]

1. d4 {[%emt 0:00:00]} g6 {[%emt 0:00:00]} 2. c4 {[%emt 0:00:01]} Bg7 {[%emt 0:00:01]} 3. Nc3 {[%emt 0:00:01]} d6 {[%emt 0:00:02]} 4. e4 {[%emt 0:00:02]} Nd7 {[%emt 0:00:06]} 5. f3 {[%emt 0:00:02]} e5 {[%emt 0:00:03]} 6. d5 {[%emt 0:00:03]} a6 {[%emt 0:00:02]} 7. Be3 {[%emt 0:00:05]} f5 {[%emt 0:00:06]} 8. exf5 {[%emt 0:00:19]} gxf5 {[%emt 0:00:02]} 9. g3 {[%emt 0:00:08]} Ngf6 {[%emt 0:00:03]} 10. Bd3 {[%emt 0:00:04]} Nc5 {[%emt 0:00:05]} 11. Nge2 {[%emt 0:00:07]} Qe7 {[%emt 0:00:13]} 12. Qd2 {[%emt 0:00:10]} e4 {[%emt 0:00:08]} 13. fxe4 {[%emt 0:00:03]} Ncxe4 {[%emt 0:00:10]} 14. Nxe4 {[%emt 0:00:13]} Nxe4 {[%emt 0:00:03]} 15. Nc3 {[%emt 0:00:14]} Nxd2 {[%emt 0:00:04]} 16. Kxd2 {[%emt 0:00:07]} O-O {[%emt 0:00:09]} 17. Rae1 {[%emt 0:00:03]} Qf7 {[%emt 0:00:09]} 18. Rhf1 {[%emt 0:00:10]} Qh5 {[%emt 0:00:11]} 19. Rh1 {[%emt 0:00:14]} b5 {[%emt 0:00:02]} 20. cxb5 {[%emt 0:00:07]} axb5 {[%emt 0:00:02]} 21. Bxb5 {[%emt 0:00:04]} Bxc3+ {[%emt 0:00:11]} 22. Kxc3 {[%emt 0:00:06]} Rxa2 {[%emt 0:00:06]} 23. Bc4 {[%emt 0:00:03]} Ra8 {[%emt 0:00:05]} 24. Bf4 {[%emt 0:00:17]} Ba6 {[%emt 0:00:02]} 25. Bb3 {[%emt 0:00:04]} Qf3+ {[%emt 0:00:07]} 26. Kc2 {[%emt 0:00:08]} Qd3+ {[%emt 0:00:07]} 27. Kc1 {[%emt 0:00:12]} Bc4 {[%emt 0:00:03]} 28. Bxc4 {[%emt 0:00:17]} Ra1# {[%emt 0:00:02]} 0-1

[Event "11th LCC Super Blitz 2019"]
[Site "London"]
[Date "2019.12.08"]
[Round "3.10"]
[White "Young, Daniel J"]
[Black "Bergner, Matthias"]
[Result "1-0"]
[WhiteElo "1947"]
[BlackElo "1632"]
[Annotator "NA"]
[PlyCount "72"]
[EventDate "2019.12.08"]
[EventType "swiss"]
[EventCountry "ENG"]
[SourceTitle "playchess.com"]
[Source "ChessBase"]
[SourceQuality "1"]
[TimeControl "180+2"]

1. Nf3 {[%emt 0:00:00]} g6 {[%emt 0:00:02]} 2. c4 {[%emt 0:00:02]} Bg7 {[%emt 0:00:01]} 3. d4 {[%emt 0:00:01]} Nf6 {[%emt 0:00:01]} 4. g3 {[%emt 0:00:02]} O-O {[%emt 0:00:02]} 5. Bg2 {[%emt 0:00:01]} c6 {[%emt 0:00:08]} 6. O-O {[%emt 0:00:05]} d5 {[%emt 0:00:07]} 7. Nbd2 {[%emt 0:00:04]} dxc4 {[%emt 0:00:09]} 8. Nxc4 {[%emt 0:00:02]} Be6 {[%emt 0:00:07]} 9. b3 {[%emt 0:00:12]} Nbd7 {[%emt 0:00:05]} 10. Bb2 {[%emt 0:00:04]} Nb6 {[%emt 0:00:03]} 11. Nce5 {[%emt 0:00:13]} Nfd7 {[%emt 0:00:12]} 12. Nd3 {[%emt 0:00:19]} Rc8 {[%emt 0:00:09]} 13. e4 {[%emt 0:00:06]} Nf6 {[%emt 0:00:11]} 14. Nf4 {[%emt 0:00:07]} Nxe4 {[%emt 0:00:17]} 15. Nxe6 {[%emt 0:00:06]} fxe6 {[%emt 0:00:02]} 16. Qe2 {[%emt 0:00:10]} Nf6 {[%emt 0:00:20]} 17. Qxe6+ {[%emt 0:00:05]} Kh8 {[%emt 0:00:02]} 18. Ne5 {[%emt 0:00:19]} Qe8 {[%emt 0:00:06]} 19. Rae1 {[%emt 0:00:22]} Nfd5 {[%emt 0:00:18]} 20. Ng4 {[%emt 0:00:20]} Qf7 {[%emt 0:00:09]} 21. Qxf7 {[%emt 0:00:05]} Rxf7 {[%emt 0:00:02]} 22. a4 {[%emt 0:00:05]} Rcf8 {[%emt 0:00:18]} 23. a5 {[%emt 0:00:02]} Nc8 {[%emt 0:00:07]} 24. Ne5 {[%emt 0:00:06]} Bxe5 {[%emt 0:00:06]} 25. Rxe5 {[%emt 0:00:04]} Kg8 {[%emt 0:00:13]} 26. Bxd5 {[%emt 0:00:03]} cxd5 {[%emt 0:00:02]} 27. Rxd5 {[%emt 0:00:02]} Nd6 {[%emt 0:00:09]} 28. Ba3 {[%emt 0:00:03]} Nf5 {[%emt 0:00:11]} 29. Rd7 {[%emt 0:00:10]} Rb8 {[%emt 0:00:11]} 30. g4 {[%emt 0:00:04]} Nd6 {[%emt 0:00:00]} 31. Bxd6 {[%emt 0:00:05]} exd6 {[%emt 0:00:00]} 32. Rxd6 {[%emt 0:00:01]} Re8 {[%emt 0:00:01]} 33. d5 {[%emt 0:00:11]} Rfe7 {[%emt 0:00:02]} 34. b4 {[%emt 0:00:06]} Re4 {[%emt 0:00:02]} 35. f3 {[%emt 0:00:06]} Rxb4 {[%emt 0:00:03]} 36. Rd7 {[%emt 0:00:01]} a6 {[%emt 0:00:12]} 1-0

[Event "11th LCC Super Blitz 2019"]
[Site "London"]
[Date "2019.12.08"]
[Round "3.10"]
[White "Nunn, Petra"]
[Black "Zhao, Haolin"]
[Result "1/2-1/2"]
[WhiteElo "1908"]
[BlackElo "1725"]
[Annotator "NA"]
[PlyCount "61"]
[EventDate "2019.12.08"]
[EventType "swiss"]
[EventCountry "ENG"]
[SourceTitle "playchess.com"]
[Source "ChessBase"]
[SourceQuality "1"]
[TimeControl "180+2"]

1. e4 {[%emt 0:00:00]} c5 {[%emt 0:00:00]} 2. Nf3 {[%emt 0:00:01]} g6 {[%emt 0:00:00]} 3. c4 {[%emt 0:00:01]} Nc6 {[%emt 0:00:02]} 4. d4 {[%emt 0:00:07]} cxd4 {[%emt 0:00:02]} 5. Nxd4 {[%emt 0:00:01]} Nf6 {[%emt 0:00:01]} 6. Nc3 {[%emt 0:00:03]} Nxd4 {[%emt 0:00:01]} 7. Qxd4 {[%emt 0:00:02]} Bg7 {[%emt 0:00:01]} 8. Qd1 {[%emt 0:00:25]} O-O {[%emt 0:00:03]} 9. Be2 {[%emt 0:00:05]} d6 {[%emt 0:00:05]} 10. O-O {[%emt 0:00:03]} Be6 {[%emt 0:00:05]} 11. Be3 {[%emt 0:00:18]} a6 {[%emt 0:00:01]} 12. Qd2 {[%emt 0:00:07]} Nd7 {[%emt 0:00:02]} 13. Rac1 {[%emt 0:00:20]} Rb8 {[%emt 0:00:03]} 14. Rfd1 {[%emt 0:00:08]} Qa5 {[%emt 0:00:03]} 15. b3 {[%emt 0:00:20]} Rfc8 {[%emt 0:00:03]} 16. f4 {[%emt 0:00:06]} b5 {[%emt 0:00:08]} 17. Nd5 {[%emt 0:00:10]} Qxd2 {[%emt 0:00:06]} 18. Rxd2 {[%emt 0:00:06]} Kf8 {[%emt 0:00:09]} 19. Rdc2 {[%emt 0:00:08]} bxc4 {[%emt 0:00:14]} 20. Bxc4 {[%emt 0:00:02]} a5 {[%emt 0:00:05]} 21. h3 {[%emt 0:00:14]} Bxd5 {[%emt 0:00:06]} 22. Bxd5 {[%emt 0:00:06]} Rxc2 {[%emt 0:00:05]} 23. Rxc2 {[%emt 0:00:00]} e6 {[%emt 0:00:02]} 24. Bc6 {[%emt 0:00:03]} Nc5 {[%emt 0:00:05]} 25. Bxc5 {[%emt 0:00:05]} dxc5 {[%emt 0:00:03]} 26. Rc4 {[%emt 0:00:11]} Bd4+ {[%emt 0:00:05]} 27. Kf1 Rb4 {[%emt 0:00:00]} 28. Rxb4 {[%emt 0:00:03]} axb4 {[%emt 0:00:00]} 29. Ke2 {[%emt 0:00:01]} Ke7 {[%emt 0:00:00]} 30. Bb5 {[%emt 0:00:02]} f6 {[%emt 0:00:03]} 31. Kd3 {[%emt 0:00:01]} 1/2-1/2

[Event "11th LCC Super Blitz 2019"]
[Site "London"]
[Date "2019.12.08"]
[Round "3.10"]
[White "Yeo, Klaus Lucas"]
[Black "Ignatovic, Ernest"]
[Result "1/2-1/2"]
[WhiteElo "1176"]
[BlackElo "1703"]
[Annotator "NA"]
[PlyCount "95"]
[EventDate "2019.12.08"]
[EventType "swiss"]
[EventCountry "ENG"]
[SourceTitle "playchess.com"]
[Source "ChessBase"]
[SourceQuality "1"]
[TimeControl "180+2"]

1. e4 {[%emt 0:00:00]} e6 {[%emt 0:00:00]} 2. d4 {[%emt 0:00:00]} d5 {[%emt 0:00:00]} 3. e5 {[%emt 0:00:00]} c5 {[%emt 0:00:00]} 4. c3 {[%emt 0:00:01]} Nc6 {[%emt 0:00:00]} 5. Nf3 {[%emt 0:00:00]} Bd7 {[%emt 0:00:03]} 6. Be3 {[%emt 0:00:02]} Qb6 {[%emt 0:00:07]} 7. Qc1 {[%emt 0:00:03]} cxd4 {[%emt 0:00:16]} 8. Nxd4 {[%emt 0:00:01]} Nxd4 {[%emt 0:00:03]} 9. Bxd4 {[%emt 0:00:01]} Bc5 {[%emt 0:00:11]} 10. Bxc5 {[%emt 0:00:32]} Qxc5 {[%emt 0:00:02]} 11. Qe3 {[%emt 0:00:06]} Qxe3+ {[%emt 0:00:31]} 12. fxe3 {[%emt 0:00:01]} Ne7 {[%emt 0:00:01]} 13. Bd3 {[%emt 0:00:01]} Nc6 {[%emt 0:00:05]} 14. O-O {[%emt 0:00:20]} Nxe5 {[%emt 0:00:01]} 15. Be2 {[%emt 0:00:01]} Ke7 {[%emt 0:00:10]} 16. Nd2 {[%emt 0:00:01]} a6 {[%emt 0:00:06]} 17. e4 {[%emt 0:00:01]} dxe4 {[%emt 0:00:05]} 18. Nxe4 {[%emt 0:00:01]} Bc6 {[%emt 0:00:08]} 19. Nc5 {[%emt 0:00:30]} Rad8 {[%emt 0:00:12]} 20. Rad1 {[%emt 0:00:04]} Rxd1 {[%emt 0:00:20]} 21. Rxd1 {[%emt 0:00:01]} Rd8 {[%emt 0:00:01]} 22. Nd3 {[%emt 0:00:19]} Nxd3 {[%emt 0:00:16]} 23. Bxd3 {[%emt 0:00:06]} Be4 {[%emt 0:00:09]} 24. Be2 {[%emt 0:00:03]} Rxd1+ {[%emt 0:00:05]} 25. Bxd1 {[%emt 0:00:01]} Bd5 {[%emt 0:00:08]} 26. b3 {[%emt 0:00:02]} e5 {[%emt 0:00:05]} 27. c4 {[%emt 0:00:02]} Be4 {[%emt 0:00:02]} 28. Bf3 {[%emt 0:00:01]} Bc6 {[%emt 0:00:25]} 29. Bxc6 {[%emt 0:00:01]} bxc6 {[%emt 0:00:00]} 30. Kf2 {[%emt 0:00:02]} f5 {[%emt 0:00:02]} 31. g3 {[%emt 0:00:01]} g5 {[%emt 0:00:01]} 32. Kf3 {[%emt 0:00:03]} e4+ {[%emt 0:00:02]} 33. Ke3 {[%emt 0:00:02]} Ke6 {[%emt 0:00:01]} 34. g4 {[%emt 0:00:02]} Ke5 {[%emt 0:00:12]} 35. gxf5 {[%emt 0:00:08]} Kxf5 {[%emt 0:00:01]} 36. h3 {[%emt 0:00:03]} h5 {[%emt 0:00:01]} 37. a4 {[%emt 0:00:03]} g4 {[%emt 0:00:02]} 38. hxg4+ {[%emt 0:00:03]} hxg4 {[%emt 0:00:01]} 39. b4 {[%emt 0:00:03]} g3 {[%emt 0:00:02]} 40. b5 {[%emt 0:00:06]} cxb5 {[%emt 0:00:04]} 41. cxb5 {[%emt 0:00:04]} g2 {[%emt 0:00:08]} 42. Kf2 {[%emt 0:00:01]} axb5 {[%emt 0:00:10]} 43. axb5 {[%emt 0:00:01]} Ke5 {[%emt 0:00:04]} 44. Kxg2 {[%emt 0:00:01]} Kd6 {[%emt 0:00:01]} 45. Kf2 {[%emt 0:00:02]} Kc5 {[%emt 0:00:02]} 46. b6 {[%emt 0:00:03]} Kxb6 {[%emt 0:00:01]} 47. Ke3 {[%emt 0:00:01]} Kc5 {[%emt 0:00:01]} 48. Kxe4 {[%emt 0:00:01]} 1/2-1/2

[Event "11th LCC Super Blitz 2019"]
[Site "London"]
[Date "2019.12.08"]
[Round "3.12"]
[White "Patel, Rishi"]
[Black "Manmay Chopra"]
[Result "0-1"]
[WhiteElo "1899"]
[BlackElo "1354"]
[Annotator "NA"]
[PlyCount "104"]
[EventDate "2019.12.08"]
[EventType "swiss"]
[EventCountry "ENG"]
[SourceTitle "playchess.com"]
[Source "ChessBase"]
[SourceQuality "1"]
[TimeControl "180+2"]

1. e4 {[%emt 0:00:00]} e6 {[%emt 0:00:00]} 2. d4 {[%emt 0:00:00]} d5 {[%emt 0:00:00]} 3. Nd2 {[%emt 0:00:03]} Be7 {[%emt 0:00:01]} 4. Bd3 {[%emt 0:00:12]} Nf6 {[%emt 0:00:01]} 5. e5 {[%emt 0:00:01]} Nfd7 {[%emt 0:00:01]} 6. f4 {[%emt 0:00:01]} c5 {[%emt 0:00:00]} 7. c3 {[%emt 0:00:01]} Nc6 {[%emt 0:00:02]} 8. Ngf3 {[%emt 0:00:01]} Qb6 {[%emt 0:00:14]} 9. Qb3 {[%emt 0:00:02]} c4 {[%emt 0:00:02]} 10. Qxb6 {[%emt 0:00:02]} axb6 {[%emt 0:00:02]} 11. Bc2 {[%emt 0:00:01]} b5 {[%emt 0:00:01]} 12. O-O {[%emt 0:00:07]} b4 {[%emt 0:00:05]} 13. f5 {[%emt 0:00:21]} b3 {[%emt 0:00:15]} 14. Bb1 {[%emt 0:00:00]} exf5 {[%emt 0:00:07]} 15. Re1 {[%emt 0:00:38]} Nb6 {[%emt 0:00:09]} 16. Nf1 {[%emt 0:00:01]} bxa2 {[%emt 0:00:09]} 17. Rxa2 {[%emt 0:00:05]} Rxa2 {[%emt 0:00:01]} 18. Bxa2 {[%emt 0:00:01]} Be6 {[%emt 0:00:05]} 19. Ng3 {[%emt 0:00:04]} O-O {[%emt 0:00:13]} 20. Bb1 {[%emt 0:00:07]} g6 {[%emt 0:00:01]} 21. Bh6 {[%emt 0:00:01]} Ra8 {[%emt 0:00:02]} 22. Bc2 {[%emt 0:00:15]} Bf8 {[%emt 0:00:02]} 23. Bxf8 {[%emt 0:00:03]} Kxf8 {[%emt 0:00:01]} 24. Ng5 {[%emt 0:00:01]} Kg7 {[%emt 0:00:00]} 25. h4 {[%emt 0:00:08]} h6 {[%emt 0:00:02]} 26. Nf3 {[%emt 0:00:01]} Ra2 {[%emt 0:00:04]} 27. Rb1 {[%emt 0:00:00]} Na5 {[%emt 0:00:03]} 28. h5 {[%emt 0:00:06]} g5 {[%emt 0:00:01]} 29. Nxf5+ {[%emt 0:00:03]} Bxf5 {[%emt 0:00:01]} 30. Bxf5 {[%emt 0:00:01]} Nb3 {[%emt 0:00:06]} 31. Bc2 {[%emt 0:00:10]} Na4 {[%emt 0:00:01]} 32. Bxb3 {[%emt 0:00:16]} cxb3 {[%emt 0:00:02]} 33. Nd2 {[%emt 0:00:01]} Rxb2 {[%emt 0:00:02]} 34. Rxb2 {[%emt 0:00:01]} Nxb2 {[%emt 0:00:01]} 35. Nxb3 {[%emt 0:00:02]} Nd1 {[%emt 0:00:01]} 36. Nc5 {[%emt 0:00:09]} Nxc3 {[%emt 0:00:06]} 37. Kf2 b5 {[%emt 0:00:03]} 38. Ke3 {[%emt 0:00:05]} b4 {[%emt 0:00:18]} 39. Kd3 {[%emt 0:00:02]} Nb5 {[%emt 0:00:28]} 40. Nb3 {[%emt 0:00:11]} f6 {[%emt 0:00:11]} 41. exf6+ {[%emt 0:00:09]} Kxf6 {[%emt 0:00:01]} 42. g4 {[%emt 0:00:00]} Ke6 {[%emt 0:00:14]} 43. Nc5+ {[%emt 0:00:01]} Kd6 {[%emt 0:00:08]} 44. Na6 {[%emt 0:00:10]} b3 {[%emt 0:00:03]} 45. Nc5 {[%emt 0:00:04]} b2 {[%emt 0:00:03]} 46. Kc2 {[%emt 0:00:02]} Nxd4+ {[%emt 0:00:03]} 47. Kxb2 {[%emt 0:00:01]} Kxc5 {[%emt 0:00:01]} 48. Kc3 {[%emt 0:00:01]} Nf3 {[%emt 0:00:01]} 49. Kd3 {[%emt 0:00:02]} Ne5+ {[%emt 0:00:02]} 50. Ke3 {[%emt 0:00:01]} Nxg4+ {[%emt 0:00:01]} 51. Kf3 {[%emt 0:00:00]} Ne5+ {[%emt 0:00:01]} 52. Kg3 {[%emt 0:00:01]} d4 {[%emt 0:00:01]} 0-1

[Event "11th LCC Super Blitz 2019"]
[Site "London"]
[Date "2019.12.08"]
[Round "3.12"]
[White "Watson, Mikey J"]
[Black "Onslow, Teddy"]
[Result "1-0"]
[WhiteElo "1748"]
[BlackElo "1647"]
[Annotator "NA"]
[PlyCount "89"]
[EventDate "2019.12.08"]
[EventType "swiss"]
[EventCountry "ENG"]
[SourceTitle "playchess.com"]
[Source "ChessBase"]
[SourceQuality "1"]
[TimeControl "180+2"]

1. e4 {[%emt 0:00:00]} e6 {[%emt 0:00:00]} 2. d4 {[%emt 0:00:01]} d5 {[%emt 0:00:00]} 3. e5 {[%emt 0:00:01]} c5 {[%emt 0:00:00]} 4. c3 {[%emt 0:00:01]} Nc6 {[%emt 0:00:00]} 5. Nf3 {[%emt 0:00:01]} Bd7 {[%emt 0:00:00]} 6. Bd3 {[%emt 0:00:03]} Qb6 {[%emt 0:00:02]} 7. O-O {[%emt 0:00:07]} cxd4 {[%emt 0:00:02]} 8. cxd4 {[%emt 0:00:00]} Nxd4 {[%emt 0:00:01]} 9. Nxd4 {[%emt 0:00:02]} Qxd4 {[%emt 0:00:00]} 10. Nc3 {[%emt 0:00:02]} Qxe5 {[%emt 0:00:41]} 11. Re1 {[%emt 0:00:01]} Qb8 {[%emt 0:00:16]} 12. Nxd5 {[%emt 0:00:09]} Ne7 {[%emt 0:00:12]} 13. Bf4 {[%emt 0:00:08]} Nxd5 {[%emt 0:00:09]} 14. Bxb8 {[%emt 0:00:03]} Rxb8 {[%emt 0:00:00]} 15. Qf3 {[%emt 0:00:20]} Nf6 {[%emt 0:00:26]} 16. Rac1 {[%emt 0:00:17]} Bd6 {[%emt 0:00:05]} 17. Red1 {[%emt 0:00:08]} Ke7 {[%emt 0:00:03]} 18. Qe3 {[%emt 0:00:33]} a6 {[%emt 0:00:12]} 19. Qb6 {[%emt 0:00:11]} Nd5 {[%emt 0:00:05]} 20. Qd4 {[%emt 0:00:07]} Rhc8 {[%emt 0:00:08]} 21. Bc4 {[%emt 0:00:11]} Bc5 {[%emt 0:00:48]} 22. Qxg7 {[%emt 0:00:05]} Rg8 {[%emt 0:00:00]} 23. Qh6 {[%emt 0:00:11]} Bc6 {[%emt 0:00:03]} 24. Bxd5 {[%emt 0:00:03]} Bxd5 {[%emt 0:00:04]} 25. Rxd5 {[%emt 0:00:02]} exd5 {[%emt 0:00:22]} 26. Rxc5 {[%emt 0:00:02]} Rbc8 {[%emt 0:00:01]} 27. Rxc8 {[%emt 0:00:08]} Rxc8 {[%emt 0:00:01]} 28. g3 {[%emt 0:00:01]} Rc2 {[%emt 0:00:02]} 29. Qxh7 {[%emt 0:00:09]} Rxb2 {[%emt 0:00:02]} 30. a3 {[%emt 0:00:09]} b5 {[%emt 0:00:01]} 31. Qd3 {[%emt 0:00:05]} Kd6 {[%emt 0:00:02]} 32. h4 {[%emt 0:00:07]} a5 {[%emt 0:00:02]} 33. h5 {[%emt 0:00:09]} b4 {[%emt 0:00:01]} 34. axb4 {[%emt 0:00:01]} Rxb4 {[%emt 0:00:05]} 35. h6 {[%emt 0:00:03]} a4 {[%emt 0:00:01]} 36. h7 {[%emt 0:00:03]} Rb8 {[%emt 0:00:02]} 37. Qa6+ {[%emt 0:00:02]} Ke5 {[%emt 0:00:00]} 38. Qxa4 {[%emt 0:00:04]} d4 {[%emt 0:00:01]} 39. Qa5+ {[%emt 0:00:06]} Ke4 {[%emt 0:00:01]} 40. Qe1+ {[%emt 0:00:05]} Kf3 {[%emt 0:00:01]} 41. Qd1+ {[%emt 0:00:03]} Ke4 {[%emt 0:00:02]} 42. Qe2+ {[%emt 0:00:02]} Kf5 {[%emt 0:00:01]} 43. Qf3+ {[%emt 0:00:05]} Kg6 {[%emt 0:00:01]} 44. Qe4+ {[%emt 0:00:04]} Kg7 {[%emt 0:00:00]} 45. Qe5+ {[%emt 0:00:02]} 1-0